Bello el venezolano.

Uloženo v:
Podrobná bibliografie
Hlavní autor: Uslar-Pietri, Arturo (autor)
Médium: Kniha
Vydáno: Caracas, Venezuela: La Casa de Bello, 1986.
Edice:Colección Anauco. Homenajes
Témata:
Tagy: Přidat tag
Žádné tagy, Buďte první, kdo vytvoří štítek k tomuto záznamu!

MARC

LEADER 00000nam a22000007a 4500
003 CL-VaPUC
005 20220822114716.0
008 220725t1986 ||||| |||| 00| 0 eng d
999 |c 437491  |d 437489 
040 |c Pontificia Universidad Católica de Valparaíso 
082 7 |a 923.787 USL 1986  |2 22 
100 |a Uslar-Pietri, Arturo  |9 480881  |e autor 
245 |a Bello el venezolano. 
260 |a Caracas, Venezuela:  |b La Casa de Bello,   |c 1986. 
300 |a 91 páginas. 
490 |a Colección Anauco. Homenajes 
500 |a c.1 Donación Familia Prof. Alejandro Guzmán Brito. 
583 |c 20220725  |k Catalogador Asistente 
600 0 |a Bello, Andrés,   |9 545824  |d 1781-1865 
650 |a Educadores   |z Venezuela  |9 873821 
942 |2 ddc  |c BK  |n 0 
952 |0 0  |1 0  |2 ddc  |4 0  |6 923_787000000000000_USL_1986  |7 0  |8 C_AGB  |9 585261  |a BIBDER  |b BIBDER  |d 2022-07-25  |e Donación  |i 5653309  |o 923.787 USL 1986  |p 5653309  |r 2023-01-25  |t 1  |w 2022-07-25  |y BK_US  |k AGB